Interpreting 1
محفوظ في:
| التنسيق: | كتاب |
|---|---|
| منشور في: |
2009
|
| الوسوم: |
إضافة وسم
لا توجد وسوم, كن أول من يضع وسما على هذه التسجيلة!
|
| Thư viện lưu trữ: | Mạng thư viện Đại học Đà Nẵng |
|---|
| LEADER | 00391nam a22001691a 4500 | ||
|---|---|---|---|
| 001 | 000035933 | ||
| 003 | 12225 | ||
| 005 | 20160321134604.0 | ||
| 008 | 160321s2009 000 | ||
| 245 | |a Interpreting 1 |c Khoa Anh | ||
| 260 | |c 2009 | ||
| OWN | |a LNN | ||
| 999 | |a From the UDN01 | ||
| TYP | |a Monograph | ||
| 980 | |a Mạng thư viện Đại học Đà Nẵng | ||